Loading...
| Science - Other | 1 | 8 | 0 | 0 | 95 | 58 | 99.78 | 1 | 9 | 0.00 | 0.00 |
| Science - Physics | 0 | 6 | 0 | 1 | 60 | 110 | 120.00 | 1 | 3 | 0.00 | 0.00 |
| Science - Chemistry | 0 | 4 | 0 | 0 | 40 | 102 | 111.50 | 0 | 2 | 0.00 | 0.00 |
| Social Science | 0 | 4 | 1 | 0 | 35 | 86 | 108.75 | 1 | 2 | 0.00 | 0.00 |
| History - World | 0 | 3 | 0 | 1 | 30 | 79 | 104.33 | 0 | 2 | 0.00 | 0.00 |
| Philosophy | 0 | 3 | 0 | 1 | 30 | 110 | 125.00 | 0 | 1 | 0.00 | 0.00 |
| Fine Arts - Other | 0 | 3 | 0 | 0 | 30 | 85 | 122.67 | 0 | 3 | 0.00 | 0.00 |
| Literature - World | 0 | 2 | 0 | 0 | 20 | 126 | 131.00 | 0 | 1 | 0.00 | 0.00 |
| Other Academic | 0 | 2 | 0 | 2 | 20 | 144 | 144.50 | 0 | 1 | 0.00 | 0.00 |
| Mythology | 0 | 1 | 0 | 0 | 10 | 128 | 128.00 | 0 | 1 | 0.00 | 0.00 |
| Geography | 0 | 1 | 0 | 0 | 10 | 157 | 157.00 | 0 | 1 | 0.00 | 0.00 |
| Literature - American | 0 | 1 | 0 | 0 | 10 | 155 | 155.00 | 0 | 0 | 0.00 | 0.00 |
| Literature - European | 0 | 1 | 0 | 1 | 10 | 148 | 148.00 | 0 | 1 | 0.00 | 0.00 |
| Fine Arts - Auditory | 0 | 1 | 0 | 0 | 10 | 141 | 141.00 | 0 | 1 | 0.00 | 0.00 |
| Science - Biology | 0 | 1 | 0 | 0 | 10 | 125 | 125.00 | 0 | 1 | 0.00 | 0.00 |
| Fine Arts - Visual | 0 | 1 | 1 | 0 | 5 | 137 | 137.00 | 0 | 0 | 0.00 | 0.00 |